LIBRARY ONLINE CATALOGUE

Life : (Record no. 2801)

MARC details
000 -LEADER
fixed length control field 00643cam a22002172 4500
001 - CONTROL NUMBER
control field 0000004591
005 - DATE AND TIME OF LATEST TRANSACTION
control field 20151217145818.0
008 - FIXED-LENGTH DATA ELEMENTS--GENERAL INFORMATION
fixed length control field 070525s xx 000 0 eng d
020 ## - INTERNATIONAL STANDARD BOOK NUMBER
International Standard Book Number 069714187X :
Terms of availability KES 500
040 ## - CATALOGING SOURCE
Original cataloging agency KABU
Transcribing agency KABU
050 #0 - LIBRARY OF CONGRESS CALL NUMBER
Classification number QH308.2
Item number .L48
100 1# - MAIN ENTRY--PERSONAL NAME
Personal name Lewis, Ricki.
-- 0000155225
245 10 - TITLE STATEMENT
Title Life :
Remainder of title beginning of animal life, plant life, behaviour and ecology of life.
260 ## - PUBLICATION, DISTRIBUTION, ETC. (IMPRINT)
Place of publication, distribution, etc. Debuque, IA :
Name of publisher, distributor, etc. Wm C. Brown,
Date of publication, distribution, etc. 1992.
300 ## - PHYSICAL DESCRIPTION
Extent 760 p.
650 #0 - SUBJECT ADDED ENTRY--TOPICAL TERM
Topical term or geographic name as entry element Biology.
-- 0000003707
650 #0 - SUBJECT ADDED ENTRY--TOPICAL TERM
Topical term or geographic name as entry element Human biology.
-- 0000155214
908 ## - PUT COMMAND PARAMETER (RLIN)
Put command parameter 070525
950 ## - LOCAL HOLDINGS (RLIN)
-- 1
Holdings
Withdrawn status Lost status Source of classification or shelving scheme Not for loan Home library Current library Date acquired Total Checkouts Full call number Barcode Date last seen Date last checked out Price effective from Koha item type
    Library of Congress Classification   Kabarak, Main Campus Kabarak, Main Campus 17/12/2015 1 QH308.2 .L48 007427 27/03/2017 07/03/2017 17/12/2015 General Collection